000 00559nam a2200229Ia 4500
003 OSt
005 20220918231530.0
006 a|||||r|||| 00| 0
007 ta
008 220917b |||||||| |||| 00| 0 eng d
024 _a306,481
037 _cTextual
040 _aARTS
_cARTS
_beng
041 _2eng
_aeng
082 _aV561'K88, 153J5
100 _aGrover B. R.
_9154956
245 0 _aEngland upto 1688
260 _c1955
650 _aHISTORY
942 _hV561'K88, 153J5
_cTEXL
_2CC
999 _c291576
_d291576